[Event "SR 1. liga zapad 2011/2012"]
[Site "?"]
[Date "2011.11.13"]
[Round "4.2"]
[White "Hanko, Pavol"]
[Black "Federic, Jozef"]
[Result "1/2-1/2"]
[WhiteElo "2138"]
[BlackElo "2270"]
[PlyCount "207"]
[EventDate "2011.??.??"]

1. d4 Nf6 2. Nf3 d5 3. c4 c6 4. Nc3 e6 5. Bg5 dxc4 6. e4 b5 7. e5 h6 8. Bh4 g5
9. exf6 gxh4 10. Ne5 Qxf6 11. a4 Bb7 12. Be2 a6 13. Bh5 Rh7 14. Bf3 Nd7 15.
Nxd7 Kxd7 16. axb5 axb5 17. Rxa8 Bxa8 18. Qa1 Bb7 19. Nxb5 Bb4+ 20. Nc3 h3 21.
Qa7 Kc8 22. Qb6 hxg2 23. Bxg2 Qg5 24. Bxc6 Qc1+ 25. Ke2 Qxb2+ 26. Kf1 Qc1+ 27.
Ke2 Qc2+ 28. Kf1 Qd3+ 29. Ne2 Qh3+ 30. Kg1 f6 31. f3 Rc7 32. Bxb7+ Rxb7 33.
Qc6+ Kb8 34. Kf2 Qh4+ 35. Kg2 Qg5+ 36. Kh3 Qh5+ 37. Kg2 Qg5+ 38. Kh3 Qf5+ 39.
Kg3 Qd5 40. Qe8+ Kc7 41. Qf7+ Kc6 42. Qe8+ Qd7 43. Qa8 Kd6 44. Rc1 Qc7 45. Kg2
c3 46. Qf8+ Kd5 47. Qa8 Qc6 48. Qa2+ Kd6 49. Qb3 Qd5 50. Qc2 Qg5+ 51. Kf2 Qh4+
52. Kg2 Qg5+ 53. Kf2 Qh4+ 54. Kg2 Ba3 55. Ra1 Rb2 56. Qd3 Qg5+ 57. Kf1 Qd2 58.
Qa6+ Kd7 59. Rxa3 Qd1+ 60. Kf2 Qxd4+ 61. Kg2 Qe5 62. Qa7+ Ke8 63. Qa8+ Rb8 64.
Qc6+ Kf8 65. Qe4 Qg5+ 66. Kf2 Qc5+ 67. Qd4 Qxa3 68. Qxf6+ Ke8 69. Qxe6+ Kd8 70.
Qd5+ Kc7 71. Qe5+ Kb7 72. Qxc3 Qxc3 73. Nxc3 Kc6 74. Ne4 Kd5 75. Nf6+ Ke6 76.
Ng4 Kf5 77. Ne3+ Kf4 78. Ng2+ Ke5 79. Kg3 Rg8+ 80. Kf2 Kd4 81. Ne3 h5 82. h4
Rf8 83. Ng2 Kd3 84. Kg3 Rf5 85. Nf4+ Ke3 86. Ng2+ Kd4 87. Nf4 Ke3 88. Ng2+ Kd3
89. Nf4+ Kd4 90. Ng2 Rf7 91. Nf4 Rg7+ 92. Kf2 Ke5 93. Nh3 Ra7 94. Ng5 Kf5 95.
Kg3 Ra1 96. Nh3 Rb1 97. Kg2 Rb4 98. Kg3 Rb2 99. Ng5 Rb1 100. Nh3 Ke5 101. Kf2
Kd4 102. Nf4 Rb2+ 103. Kg3 Rb5 104. Ng2 1/2-1/2

[Event "SR 1. liga zapad 2011/2012"]
[Site "?"]
[Date "2011.11.13"]
[Round "4.2"]
[White "Machalova, Erika"]
[Black "Detko, Jan"]
[Result "1-0"]
[WhiteElo "2102"]
[BlackElo "2130"]
[PlyCount "51"]
[EventDate "2011.??.??"]

1. d4 Nf6 2. c4 e6 3. Nc3 Bb4 4. Qc2 O-O 5. Nf3 d6 6. Bg5 Nbd7 7. e3 Qe8 8. Bd3
e5 9. dxe5 dxe5 10. Nd2 Bxc3 11. Qxc3 Qe6 12. Bxf6 Nxf6 13. Ne4 Nxe4 14. Bxe4
Qe7 15. O-O a5 16. Qc2 f5 17. Bd5+ Kh8 18. c5 c6 19. Bb3 f4 20. exf4 Rxf4 21.
Qc3 a4 22. Bc2 Bg4 23. Rae1 Re8 24. f3 Bh5 25. Re3 Bf7 26. b3 1-0

[Event "SR 1. liga zapad 2011/2012"]
[Site "?"]
[Date "2011.11.13"]
[Round "4.2"]
[White "Machalova, Veronika"]
[Black "Gunis, Juraj"]
[Result "1-0"]
[WhiteElo "2209"]
[BlackElo "2098"]
[PlyCount "79"]
[EventDate "2011.??.??"]

1. e4 c5 2. Nf3 d6 3. d3 g6 4. g3 Bg7 5. Bg2 Nc6 6. O-O e6 7. c3 Nge7 8. Nh4
O-O 9. Be3 Bd7 10. Qd2 e5 11. Na3 f5 12. f4 Rb8 13. Rf2 b5 14. exf5 Nxf5 15.
Nxf5 Rxf5 16. Raf1 Ne7 17. fxe5 Bxe5 18. d4 cxd4 19. Bxd4 Rxf2 20. Rxf2 Bf5 21.
Bxa7 Qc7 22. Bxb8 Qxb8 23. Nc2 h5 24. Nd4 Bd7 25. Qg5 Qe8 26. Nf3 Bg7 27. Re2
Bf8 28. Nd4 Qf7 29. Rf2 Nf5 30. Nxf5 Bxf5 31. Be4 Be7 32. Qf4 Qe6 33. Bxf5 gxf5
34. Qxf5 Qe1+ 35. Kg2 d5 36. Qxd5+ Kg7 37. h4 b4 38. cxb4 Bf6 39. b5 Qe3 40.
Rxf6 1-0

[Event "SR 1. liga zapad 2011/2012"]
[Site "?"]
[Date "2011.11.13"]
[Round "4.2"]
[White "Marko, Anton"]
[Black "Bednar, Jan"]
[Result "0-1"]
[WhiteElo "2127"]
[BlackElo "2128"]
[PlyCount "94"]
[EventDate "2011.??.??"]

1. c4 e5 2. Nc3 Nf6 3. g3 d5 4. cxd5 Nxd5 5. Bg2 Nb6 6. Nf3 Nc6 7. O-O Be7 8.
d3 O-O 9. Be3 Be6 10. a3 f6 11. Rc1 Qd7 12. Ne4 Nd4 13. Bxd4 exd4 14. Nc5 Bxc5
15. Rxc5 Rfd8 16. Qc2 c6 17. b4 a6 18. Rb1 Qd6 19. Qd1 Bf5 20. a4 Re8 21. Nd2
Nd5 22. Ne4 Qe7 23. Qd2 h6 24. Rc4 Nc3 25. Rxc3 dxc3 26. Nxc3 Rad8 27. b5 axb5
28. axb5 c5 29. b6 Rd4 30. Rb2 Ra8 31. f4 Ra1+ 32. Kf2 Rd8 33. Nb5 Be6 34. e4
Bc4 35. Qc3 Bxd3 36. Rd2 Bxb5 37. Rxd8+ Qxd8 38. Qxa1 Qd2+ 39. Kg1 c4 40. h4
Bc6 41. Qa8+ Kh7 42. Qc8 c3 43. Qf5+ Kg8 44. Qe6+ Kf8 45. Qc8+ Kf7 46. Bf3 c2
47. Bh5+ Ke7 0-1

[Event "SR 1. liga zapad 2011/2012"]
[Site "?"]
[Date "2011.11.13"]
[Round "4.2"]
[White "Rohacek, Miroslav"]
[Black "Kaniansky, Miroslav"]
[Result "1/2-1/2"]
[WhiteElo "2297"]
[BlackElo "2199"]
[PlyCount "127"]
[EventDate "2011.??.??"]

1. Nf3 d5 2. g3 g6 3. Bg2 Bg7 4. d3 e5 5. Nbd2 Nc6 6. c3 Nf6 7. O-O O-O 8. Qc2
Qe7 9. e4 dxe4 10. dxe4 Nd7 11. a4 a5 12. Rd1 Nb6 13. Nf1 Rd8 14. Bg5 Bf6 15.
Bd2 Be6 16. h4 Nc4 17. Ne3 Nxe3 18. Bxe3 Rxd1+ 19. Rxd1 Rd8 20. Nd2 Qd7 21. Bf1
Bg4 22. Re1 Ne7 23. Bc4 Be6 24. Bxe6 Qxe6 25. Qb3 Qxb3 26. Nxb3 b6 27. Kf1 Nc8
28. Ke2 Nd6 29. Nd2 Be7 30. f3 f5 31. h5 Kf7 32. hxg6+ hxg6 33. Rh1 Kg7 34. b3
Rh8 35. Rxh8 Kxh8 36. Kd3 Kg7 37. Nc4 Kf6 38. Nxd6 Bxd6 39. Kc4 f4 40. Bf2 fxg3
41. Bxg3 c6 42. Bh4+ Ke6 43. b4 axb4 44. cxb4 Kd7 45. b5 Bc7 46. Bf6 Bd6 47.
Bg7 Bc7 48. Bf8 Bd8 49. Bb4 Bc7 50. Bd2 Bd6 51. Be1 Be7 52. Bg3 Bd6 53. Bf2 Kc7
54. Be3 Kb7 55. Kd3 Kc7 56. Ke2 cxb5 57. axb5 Bc5 58. Bxc5 bxc5 59. f4 exf4 60.
e5 c4 61. e6 c3 62. b6+ Kxb6 63. e7 f3+ 64. Kxf3 1/2-1/2

[Event "SR 1. liga zapad 2011/2012"]
[Site "?"]
[Date "2011.11.13"]
[Round "4.3"]
[White "Baranek, Jozef"]
[Black "Magerciak, Roman"]
[Result "1-0"]
[WhiteElo "2152"]
[BlackElo "1970"]
[PlyCount "41"]
[EventDate "2011.??.??"]

1. g3 g6 2. Bg2 Bg7 3. e4 d6 4. d4 c5 5. c3 cxd4 6. cxd4 Qb6 7. Ne2 Nc6 8. Be3
Qxb2 9. Nbc3 Qb4 10. Rb1 Qa5 11. O-O Nf6 12. Rb3 Qd8 13. h3 O-O 14. f4 a6 15.
Rb2 Nd7 16. e5 dxe5 17. dxe5 Ndb8 18. Nd5 Nd7 19. Rd2 Qa5 20. Nd4 Re8 21. Nb3
1-0

[Event "SR 1. liga zapad 2011/2012"]
[Site "?"]
[Date "2011.11.13"]
[Round "4.3"]
[White "Borosova, Zuzana"]
[Black "Chovanec, Milan"]
[Result "1-0"]
[WhiteElo "2284"]
[BlackElo "2137"]
[PlyCount "68"]
[EventDate "2011.??.??"]

1. e4 Nf6 2. e5 Nd5 3. d4 d6 4. Nf3 c6 5. Bc4 dxe5 6. Nxe5 Nd7 7. O-O Nxe5 8.
dxe5 Be6 9. Qe2 g6 10. Bb3 Bg7 11. f4 Qc7 12. c4 Nb6 13. Be3 O-O 14. Nc3 f6 15.
exf6 exf6 16. c5 Nd5 17. Nxd5 Bxd5 18. Bxd5+ cxd5 19. f5 Qe5 20. Qd2 Rad8 21.
Bf4 Qe4 22. Bd6 Rfe8 23. Rae1 Qc4 24. b3 Qb5 25. Qxd5+ Kh8 26. Qf7 gxf5 27. a4
Qc6 28. b4 Qxa4 29. Qxb7 h6 30. Ra1 Rd7 31. Rxa4 Rxb7 32. Rfa1 Rc8 33. Rxa7
Rxb4 34. c6 Kh7 1-0

[Event "SR 1. liga zapad 2011/2012"]
[Site "?"]
[Date "2011.11.13"]
[Round "4.3"]
[White "Bottyan, Peter"]
[Black "Jakubek, Peter"]
[Result "1-0"]
[WhiteElo "2294"]
[BlackElo "2144"]
[PlyCount "101"]
[EventDate "2011.??.??"]

1. d4 d5 2. Bf4 Nf6 3. e3 e6 4. Nf3 Nbd7 5. Nbd2 Be7 6. Bd3 c5 7. c3 c4 8. Bc2
b5 9. e4 Bb7 10. e5 Nh5 11. Be3 g6 12. g4 Ng7 13. Bh6 O-O 14. h4 b4 15. Qe2 Qb6
16. Rb1 Qa5 17. h5 bxc3 18. bxc3 Rfb8 19. Qe3 Qxa2 20. Kd1 Bc6 21. hxg6 fxg6
22. Bxg7 Ba4 23. Rc1 Rb2 24. Bxa4 Qxa4+ 25. Ke1 Kxg7 26. Qh6+ Kf7 27. Qxh7+ Ke8
28. Qxg6+ Kd8 29. Rh8+ Nf8 30. Qxe6 Qb5 31. Ng5 Qd7 32. Qxd7+ Kxd7 33. Nh7 Rab8
34. Nxf8+ Bxf8 35. Rh7+ Kc6 36. Rxa7 Bh6 37. Ra6+ R8b6 38. Rxb6+ Kxb6 39. Rd1
Rc2 40. Nb1 Bg5 41. Kf1 Bh4 42. Kg2 Rxf2+ 43. Kh3 Bg5 44. Kg3 Re2 45. Rf1 Re3+
46. Rf3 Bh4+ 47. Kg2 Re1 48. Nd2 Kb5 49. Nf1 Bg5 50. Rf5 Bc1 51. g5 1-0

[Event "SR 1. liga zapad 2011/2012"]
[Site "?"]
[Date "2011.11.13"]
[Round "4.3"]
[White "Gombar, Peter"]
[Black "Berza, Stefan"]
[Result "1/2-1/2"]
[WhiteElo "2033"]
[BlackElo "2092"]
[PlyCount "62"]
[EventDate "2011.??.??"]

1. e4 c5 2. Nf3 Nc6 3. d4 cxd4 4. Nxd4 g6 5. Be3 Nf6 6. Nc3 Bg7 7. f3 O-O 8.
Qd2 d5 9. exd5 Nb4 10. Bc4 Nbxd5 11. Nxd5 Nxd5 12. Bf2 e5 13. Ne2 Be6 14. Rd1
Nf4 15. Qxd8 Raxd8 16. Rxd8 Rxd8 17. Bxe6 Nxe6 18. Be3 Nd4 19. Bxd4 exd4 20.
Kd2 f5 21. Rd1 Rd7 22. Kc1 Bh6+ 23. Kb1 Be3 24. a3 Kf7 25. Rd3 Ke6 26. c3 Ke5
27. Kc2 b5 28. cxd4+ Bxd4 29. Nxd4 Rxd4 30. Re3+ Kf6 31. Re8 Rd6 1/2-1/2

[Event "SR 1. liga zapad 2011/2012"]
[Site "?"]
[Date "2011.11.13"]
[Round "4.3"]
[White "Motuz, Karol"]
[Black "Kukel, Imre 1985"]
[Result "1-0"]
[WhiteElo "2346"]
[BlackElo "2305"]
[PlyCount "95"]
[EventDate "2011.??.??"]

1. d4 Nf6 2. c4 g6 3. Nc3 d5 4. cxd5 Nxd5 5. Bd2 Nb6 6. Bf4 Bg7 7. Nf3 Nc6 8.
e3 O-O 9. Bb5 Nb4 10. O-O N4d5 11. Be5 Bf5 12. Bxg7 Kxg7 13. Rc1 c6 14. Be2 Qd6
15. a3 Rfd8 16. h3 h6 17. Re1 Nxc3 18. Rxc3 Be4 19. Nd2 Bf5 20. e4 Be6 21. Nf3
Qf4 22. Bf1 h5 23. g3 Qh6 24. Qc2 g5 25. Rc5 f6 26. d5 Bd7 27. Nd4 cxd5 28.
exd5 Kf8 29. Bd3 Nc8 30. Bf5 Nd6 31. Bxd7 Rxd7 32. Ne6+ Kf7 33. Rc7 Rxc7 34.
Qxc7 Re8 35. Nd8+ Kf8 36. Nxb7 Nxb7 37. Qxb7 g4 38. hxg4 Qd2 39. Re6 Qd1+ 40.
Kg2 Qxg4 41. Qxa7 h4 42. Qe3 Kf7 43. Re4 h3+ 44. Kh2 Qd1 45. Rd4 Qf1 46. Qf3
Rc8 47. Rd1 Qb5 48. Qh5+ 1-0

[Event "SR 1. liga zapad 2011/2012"]
[Site "?"]
[Date "2011.11.13"]
[Round "4.3"]
[White "Motuzova, Marta"]
[Black "Edes, Zsofia"]
[Result "1/2-1/2"]
[WhiteElo "1852"]
[BlackElo "1989"]
[PlyCount "27"]
[EventDate "2011.??.??"]

1. d4 Nf6 2. c4 Nc6 3. Nc3 e5 4. e3 d6 5. Nf3 Bf5 6. a3 g6 7. Be2 Bg7 8. O-O
O-O 9. d5 Ne7 10. Nh4 Bd7 11. e4 Ne8 12. Nf3 f5 13. exf5 Bxf5 14. Ng5 1/2-1/2

[Event "SR 1. liga zapad 2011/2012"]
[Site "?"]
[Date "2011.11.13"]
[Round "4.3"]
[White "Obona, Jan"]
[Black "Janko, Zoltan"]
[Result "1/2-1/2"]
[WhiteElo "2151"]
[BlackElo "2287"]
[PlyCount "55"]
[EventDate "2011.??.??"]

1. Nf3 Nf6 2. c4 g6 3. Nc3 Bg7 4. d4 d5 5. Bg5 Ne4 6. Bh4 Nxc3 7. bxc3 c5 8. e3
Nc6 9. cxd5 Qxd5 10. Be2 cxd4 11. cxd4 Qa5+ 12. Qd2 Qxd2+ 13. Kxd2 O-O 14. Rab1
e5 15. dxe5 Nxe5 16. Nxe5 Bxe5 17. Rb5 f6 18. Rc1 Rb8 19. Bg3 Bxg3 20. hxg3 Bd7
21. Ra5 a6 22. Rc7 Rfd8 23. Ke1 Be6 24. Bf3 Rbc8 25. Rxc8 Bxc8 26. Rc5 f5 27.
Rc7 b5 28. Ra7 1/2-1/2

[Event "SR 1. liga zapad 2011/2012"]
[Site "?"]
[Date "2011.11.13"]
[Round "4.4"]
[White "Beres, Lukas"]
[Black "Pupak, Tomas"]
[Result "1/2-1/2"]
[WhiteElo "1902"]
[BlackElo "1968"]
[PlyCount "91"]
[EventDate "2011.??.??"]

1. e4 c6 2. d4 d5 3. Nd2 dxe4 4. Nxe4 Bf5 5. Ng3 Bg6 6. Nf3 Nd7 7. Bd3 Bxd3 8.
Qxd3 Ngf6 9. O-O e6 10. Re1 Be7 11. c4 O-O 12. Bf4 Re8 13. Rad1 Qa5 14. a3 b5
15. Ng5 bxc4 16. Qxc4 Nd5 17. Bd2 Qb5 18. Qc2 Bxg5 19. Bxg5 c5 20. Ne4 Reb8 21.
Bc1 cxd4 22. Rxd4 Rc8 23. Qd1 Rc4 24. b4 Rxd4 25. Qxd4 N7f6 26. Bb2 a5 27.
Nxf6+ Nxf6 28. Re5 Qd7 29. Qxd7 Nxd7 30. Rxa5 Rxa5 31. bxa5 Nc5 32. Bd4 Na6 33.
f4 f6 34. Kf2 Kf7 35. Ke3 Ke7 36. Kd3 Kd6 37. Kc4 Kc6 38. g4 Nc7 39. h4 Nd5 40.
g5 Nxf4 41. gxf6 gxf6 42. Bxf6 h5 43. Kd4 Ng6 44. a4 Kb7 45. Kc5 Ka6 46. Kd6
1/2-1/2

[Event "SR 1. liga zapad 2011/2012"]
[Site "?"]
[Date "2011.11.13"]
[Round "4.4"]
[White "Fabian, Jaroslav"]
[Black "Borik, Juraj"]
[Result "1/2-1/2"]
[WhiteElo "2192"]
[BlackElo "2198"]
[PlyCount "33"]
[EventDate "2011.??.??"]

1. e4 c5 2. Nf3 d6 3. d4 cxd4 4. Nxd4 Nf6 5. Nc3 a6 6. f4 g6 7. Be3 Bh6 8. Qd2
Ng4 9. Bg1 e5 10. Nde2 exf4 11. Nxf4 Be6 12. O-O-O O-O 13. g3 Nc6 14. Kb1 Qa5
15. Ncd5 Qxd2 16. Rxd2 Bxd5 17. Rxd5 1/2-1/2

[Event "SR 1. liga zapad 2011/2012"]
[Site "?"]
[Date "2011.11.13"]
[Round "4.4"]
[White "Kovacik, Emil"]
[Black "Berek, Geza"]
[Result "1-0"]
[WhiteElo "2222"]
[BlackElo "2186"]
[PlyCount "56"]
[EventDate "2011.??.??"]

1. e4 g6 2. d4 Bg7 3. Nc3 d6 4. f4 a6 5. Nf3 b5 6. Bd3 Nd7 7. e5 Bb7 8. Ng5 Nh6
9. e6 Nf8 10. exf7+ Nxf7 11. Nxf7 Kxf7 12. f5 c5 13. fxg6+ hxg6 14. d5 Kg8 15.
Qf3 e6 16. O-O Bd4+ 17. Kh1 Rh7 18. Be4 Qe7 19. dxe6 Bxc3 20. Bxb7 Qxb7 21.
Qxc3 Nxe6 22. Qg3 Nd4 23. c3 Ne2 24. Qxd6 Qe4 25. Bg5 Re8 26. Rf6 Kg7 27. Raf1
Qe5 28. Rxg6+ Kh8 1-0

[Event "SR 1. liga zapad 2011/2012"]
[Site "?"]
[Date "2011.11.13"]
[Round "4.4"]
[White "Orgon, Dusan"]
[Black "Zahorsky, Robert"]
[Result "1-0"]
[WhiteElo "2107"]
[BlackElo "1996"]
[PlyCount "69"]
[EventDate "2011.??.??"]

1. d4 d5 2. Nf3 Nf6 3. e3 Bf5 4. c4 c6 5. Nc3 e6 6. Be2 h6 7. O-O Be7 8. Qb3
dxc4 9. Qxb7 Nbd7 10. Qxc6 O-O 11. Qxc4 Nb6 12. Qb3 Rb8 13. Qd1 Nfd5 14. Bd3
Bg4 15. h3 Bh5 16. Bd2 f5 17. Be2 Nd7 18. Nxd5 exd5 19. Bc3 Nf6 20. Ne5 Bxe2
21. Qxe2 Ne4 22. Nc6 Qd7 23. Nxb8 Rxb8 24. Rfc1 Rb6 25. Ba5 Rg6 26. Rc7 Qe6 27.
Rac1 f4 28. Qh5 fxe3 29. Rxe7 exf2+ 30. Kh2 Qd6+ 31. Qe5 Qa6 32. Qxd5+ Kh7 33.
Qxe4 f1=N+ 34. Rxf1 Qxf1 35. Re6 1-0

[Event "SR 1. liga zapad 2011/2012"]
[Site "?"]
[Date "2011.11.13"]
[Round "4.4"]
[White "Vojtek, Vladimir"]
[Black "Kalisky, Vladimir"]
[Result "0-1"]
[WhiteElo "2311"]
[BlackElo "2234"]
[PlyCount "124"]
[EventDate "2011.??.??"]

1. e4 e5 2. Nf3 Nc6 3. Bb5 Nf6 4. d3 Bc5 5. O-O Nd4 6. Nxd4 Bxd4 7. c3 Bb6 8.
Kh1 c6 9. Ba4 d6 10. f4 Ng4 11. Qe1 a6 12. Na3 Ba7 13. Nc2 Qa5 14. Bb3 f6 15.
Ne3 h5 16. Nxg4 hxg4 17. f5 Bd7 18. Bd1 O-O-O 19. Bxg4 g5 20. Be3 Bxe3 21. Qxe3
Rh4 22. g3 Rh6 23. b4 Qc7 24. a4 c5 25. Rfb1 Rdh8 26. Rb2 Kb8 27. bxc5 dxc5 28.
Kg1 Qa5 29. Ra3 Bc6 30. Bd1 c4 31. dxc4 Rd8 32. Ra1 Rh7 33. Be2 Rhd7 34. c5 Ka8
35. Rb6 Rd2 36. Rab1 Qxa4 37. R6b4 Qc2 38. Kf1 Qa2 39. Ke1 a5 40. Rb6 Qc2 41.
R6b2 Qxb2 42. Rxb2 Rxb2 43. Qc1 Ra2 44. Bc4 Rxh2 45. Qa3 a4 46. Bd5 Rc8 47. Qb4
Kb8 48. Kf1 g4 49. Ke1 Rc7 50. Kf1 Rd2 51. Ke1 Rg2 52. Kf1 Rxg3 53. Kf2 Rh3 54.
Kg2 Rd3 55. Qc4 Rd2+ 56. Kg3 a3 57. Qb4 a2 58. Qa5 Rd3+ 59. Kg2 g3 60. Bxc6
Rd2+ 61. Kxg3 Rxc6 62. Qa4 Ra6 0-1

[Event "SR 1. liga zapad 2011/2012"]
[Site "?"]
[Date "2011.11.13"]
[Round "4.5"]
[White "Ac, Michal"]
[Black "Szitkey, Milan"]
[Result "1-0"]
[WhiteElo "2174"]
[BlackElo "2147"]
[PlyCount "50"]
[EventDate "2011.??.??"]

1. d4 d5 2. c4 e6 3. Nc3 Nf6 4. Bg5 c6 5. e3 h6 6. Bh4 Nbd7 7. cxd5 exd5 8. Bd3
Bd6 9. Nf3 O-O 10. O-O a6 11. Qc2 Qc7 12. Rac1 b5 13. a4 b4 14. Nb1 Bb7 15.
Nbd2 Rfe8 16. Rfd1 a5 17. Bg3 Bxg3 18. hxg3 Qd6 19. Nb3 Ne4 20. Bxe4 Rxe4 21.
Nc5 Nxc5 22. Qxc5 Re6 23. Qxd6 Rxd6 24. Rc5 f6 25. Nd2 Bc8 1-0

[Event "SR 1. liga zapad 2011/2012"]
[Site "?"]
[Date "2011.11.13"]
[Round "4.5"]
[White "Certek, Pavel"]
[Black "Drtina, Milan"]
[Result "1-0"]
[WhiteElo "2322"]
[BlackElo "2247"]
[PlyCount "79"]
[EventDate "2011.??.??"]

1. d4 Nf6 2. c4 g6 3. g3 Bg7 4. Bg2 O-O 5. Nc3 d6 6. Nf3 c6 7. O-O Qc7 8. h3 b6
9. Re1 Bb7 10. e4 e5 11. Be3 Nbd7 12. Rc1 a6 13. b4 Rfe8 14. d5 c5 15. a3 Nf8
16. Nd2 Re7 17. Rb1 Bc8 18. Kh2 Bd7 19. Na4 Rb8 20. Qc2 Be8 21. Rec1 a5 22.
bxc5 bxc5 23. Nc3 Qd8 24. Rb2 Reb7 25. Rcb1 Rxb2 26. Rxb2 Bd7 27. Qb1 Rxb2 28.
Qxb2 Qc7 29. a4 Ne8 30. Nb5 Qb6 31. Qc3 Nc7 32. Nb3 Nxb5 33. cxb5 Bxb5 34. axb5
a4 35. Nd2 Qxb5 36. Bf1 Qb8 37. Qa5 Qb4 38. Qxb4 cxb4 39. Bb5 a3 40. Nb3 1-0

[Event "SR 1. liga zapad 2011/2012"]
[Site "?"]
[Date "2011.11.13"]
[Round "4.5"]
[White "Doucha, Ludvik"]
[Black "Bednar, Miroslav"]
[Result "1-0"]
[WhiteElo "2102"]
[BlackElo "2098"]
[PlyCount "47"]
[EventDate "2011.??.??"]

1. e4 e5 2. Nf3 Nc6 3. Bb5 d6 4. c3 Bd7 5. O-O Nf6 6. Re1 Be7 7. d4 O-O 8. Nbd2
Nxd4 9. Nxd4 exd4 10. Bxd7 dxc3 11. Ba4 cxd2 12. Bxd2 d5 13. exd5 Nxd5 14. Bb3
Bf6 15. Qc2 c6 16. Rad1 Re8 17. Be3 Qa5 18. Bd2 Qb6 19. Bc1 Rad8 20. g3 Rxe1+
21. Rxe1 g6 22. Bh6 Qd4 23. Qe2 Bg7 24. Qe8+ 1-0

[Event "SR 1. liga zapad 2011/2012"]
[Site "?"]
[Date "2011.11.13"]
[Round "4.5"]
[White "Likavsky, Tomas"]
[Black "Zetocha, Claudiu"]
[Result "1-0"]
[WhiteElo "2486"]
[BlackElo "2355"]
[PlyCount "95"]
[EventDate "2011.??.??"]

1. d4 Nf6 2. c4 c5 3. d5 b5 4. cxb5 a6 5. bxa6 g6 6. Nc3 Bxa6 7. g3 d6 8. Bg2
Bg7 9. Nf3 Nbd7 10. Rb1 Nb6 11. b3 Bb7 12. Nh4 O-O 13. O-O Qd7 14. Qd2 Rfb8 15.
Bb2 Qg4 16. e4 Qc8 17. h3 c4 18. Rfc1 Qc5 19. Nf3 cxb3 20. axb3 Qb4 21. Ne2
Qxd2 22. Nxd2 Ba6 23. Re1 Bd3 24. Ra1 Bxe2 25. Rxe2 Rxa1+ 26. Bxa1 Ra8 27. Bd4
Nfd7 28. Nf3 Ra3 29. Bxg7 Kxg7 30. Nd4 Ra1+ 31. Kh2 Rb1 32. f4 Nc5 33. Re3 Rb2
34. g4 e6 35. dxe6 Nxe6 36. Nxe6+ fxe6 37. Rd3 Kf7 38. Rxd6 Rxb3 39. e5 Ke7 40.
Rc6 Kd7 41. Rd6+ Ke7 42. Bc6 Kf7 43. Bd7 Nxd7 44. Rxd7+ Kf8 45. Kg2 h6 46. Rh7
Re3 47. h4 g5 48. Rxh6 1-0

[Event "SR 1. liga zapad 2011/2012"]
[Site "?"]
[Date "2011.11.13"]
[Round "4.5"]
[White "Lukac, Roman"]
[Black "Petran, Peter"]
[Result "1/2-1/2"]
[WhiteElo "2165"]
[BlackElo "2297"]
[PlyCount "111"]
[EventDate "2011.??.??"]

1. e4 g6 2. d4 Bg7 3. Nc3 c6 4. Nf3 d5 5. Be2 Bg4 6. Be3 e6 7. Qd2 h6 8. O-O-O
Ne7 9. Kb1 Nd7 10. Rhe1 a6 11. h3 Bxf3 12. Bxf3 b5 13. g4 Nb6 14. Qd3 b4 15.
Ne2 dxe4 16. Bxe4 Nbd5 17. Bc1 Qb6 18. f4 Qb5 19. Ng3 f5 20. gxf5 exf5 21. Qxb5
axb5 22. Bxd5 cxd5 23. Bd2 Kf7 24. Bxb4 Nc6 25. Bc5 Rhe8 26. Re2 h5 27. Red2
Re3 28. Ne2 Rxh3 29. Nc3 Rf3 30. Nxb5 Rxf4 31. b4 Rb8 32. a4 Bf8 33. c3 g5 34.
Nc7 Bxc5 35. dxc5 d4 36. b5 h4 37. cxd4 h3 38. Kc2 Ne7 39. Re1 Rh4 40. a5 g4
41. a6 h2 42. a7 Rg8 43. Rde2 Nd5 44. Nxd5 h1=Q 45. Rxh1 Rxh1 46. b6 Ra1 47.
Kd3 g3 48. Nf4 Kf6 49. Ng2 Kg5 50. d5 f4 51. Re5+ Kg4 52. Re4 Ra3+ 53. Kd4 Ra4+
54. Kd3 Ra3+ 55. Kd4 Ra4+ 56. Kd3 1/2-1/2

[Event "SR 1. liga zapad 2011/2012"]
[Site "?"]
[Date "2011.11.13"]
[Round "4.5"]
[White "Miklas, Marian"]
[Black "Travenec, Igor"]
[Result "1/2-1/2"]
[WhiteElo "2143"]
[BlackElo "2196"]
[PlyCount "22"]
[EventDate "2011.??.??"]

1. Nf3 d5 2. c4 e6 3. g3 Nf6 4. Bg2 Be7 5. O-O O-O 6. d4 c6 7. Nc3 Nbd7 8. Bf4
Nh5 9. Qc2 Nxf4 10. gxf4 f5 11. e3 Rf6 1/2-1/2

[Event "SR 1. liga zapad 2011/2012"]
[Site "?"]
[Date "2011.11.13"]
[Round "4.5"]
[White "Privara, Igor"]
[Black "Nicolini, Alexander"]
[Result "1/2-1/2"]
[WhiteElo "2264"]
[BlackElo "2154"]
[PlyCount "58"]
[EventDate "2011.??.??"]

1. e4 e5 2. Nf3 Nc6 3. Nc3 Bc5 4. Nxe5 Nxe5 5. d4 Bd6 6. dxe5 Bxe5 7. f4 Bxc3+
8. bxc3 Ne7 9. Bc4 d6 10. O-O Be6 11. Bxe6 fxe6 12. Qg4 Qd7 13. Qxg7 O-O-O 14.
Be3 Rhg8 15. Qd4 Nc6 16. Qd3 Rg4 17. Rae1 Qg7 18. Rf2 Rg8 19. Ree2 Rh4 20. Qc4
Re8 21. Bd4 e5 22. fxe5 Nxe5 23. Qd5 Rh5 24. Bxe5 Rhxe5 25. Qf7 Qh6 26. Qf3 Qe6
27. Qf7 Qh6 28. Qf3 Qe6 29. Qf7 Qh6 1/2-1/2

[Event "SR 1. liga zapad 2011/2012"]
[Site "?"]
[Date "2011.11.13"]
[Round "4.5"]
[White "Slapak, Zdenek"]
[Black "Hertel, Ondrej"]
[Result "1/2-1/2"]
[WhiteElo "2080"]
[BlackElo "2073"]
[PlyCount "35"]
[EventDate "2011.??.??"]

1. c4 e6 2. g3 d5 3. Bg2 Nf6 4. d4 c6 5. Nf3 Nbd7 6. cxd5 exd5 7. O-O Be7 8.
Nc3 O-O 9. Bf4 Re8 10. Qc2 Nf8 11. Ne5 Ng6 12. Nxg6 hxg6 13. Rad1 Bf5 14. Qc1
Nh5 15. Bd2 Bd6 16. Be1 Qd7 17. f3 Nf6 18. Bf2 1/2-1/2

[Event "SR 1. liga zapad 2011/2012"]
[Site "?"]
[Date "2011.11.13"]
[Round "4.6"]
[White "Cambel, Vladimir"]
[Black "Pericka, Tomas"]
[Result "1-0"]
[WhiteElo "2036"]
[BlackElo "2008"]
[PlyCount "72"]
[EventDate "2011.??.??"]

1. Nf3 c5 2. c4 Nc6 3. g3 g6 4. Bg2 Bg7 5. O-O d6 6. Nc3 Nf6 7. d4 Bg4 8. Be3
Nd7 9. dxc5 Nxc5 10. Nd4 Qd7 11. Nxc6 bxc6 12. Bxc5 dxc5 13. Qa4 Rc8 14. Rfd1
Qc7 15. h3 Bf5 16. Rd2 O-O 17. Rad1 h5 18. Qa3 Qb6 19. Ne4 Qb4 20. Qxa7 Bxe4
21. Bxe4 Qxc4 22. Bd3 Qe6 23. Qxc5 Be5 24. Bc4 Qf6 25. b3 Bd6 26. Qe3 h4 27.
Kg2 Kg7 28. Rd3 Ra8 29. a4 Ra5 30. Qf3 Rf5 31. Qxc6 Rxf2+ 32. Kg1 hxg3 33. Rf3
Rxf3 34. Qxf3 Qh4 35. Kg2 f6 36. Qd5 Qf4 1-0

[Event "SR 1. liga zapad 2011/2012"]
[Site "?"]
[Date "2011.11.13"]
[Round "4.6"]
[White "Castiglione, Mario"]
[Black "Pagerka, Martin"]
[Result "1-0"]
[WhiteElo "2282"]
[BlackElo "2200"]
[PlyCount "49"]
[EventDate "2011.??.??"]

1. c4 Nf6 2. Nc3 e5 3. Nf3 Nc6 4. d4 exd4 5. Nxd4 Ne5 6. f4 Nxc4 7. e4 d5 8.
Bxc4 dxc4 9. Qa4+ Bd7 10. Qxc4 c5 11. Nf3 Be6 12. Qb5+ Qd7 13. f5 Qxb5 14. Nxb5
Bc4 15. Nc7+ Kd8 16. Nxa8 Nxe4 17. Bf4 Kc8 18. Ne5 Bd6 19. Nxc4 Bxf4 20. O-O
Bb8 21. a4 Nd6 22. f6 Nxc4 23. fxg7 Rd8 24. Rad1 Bd6 25. Rxf7 1-0

[Event "SR 1. liga zapad 2011/2012"]
[Site "?"]
[Date "2011.11.13"]
[Round "4.6"]
[White "Diviak, Rastislav"]
[Black "Dolnak, Michal"]
[Result "0-1"]
[WhiteElo "2020"]
[BlackElo "2098"]
[PlyCount "76"]
[EventDate "2011.??.??"]

1. e4 e5 2. Nf3 Nc6 3. Bb5 a6 4. Ba4 Nf6 5. O-O Be7 6. Re1 b5 7. Bb3 d6 8. c3
O-O 9. h3 Na5 10. Bc2 c5 11. d4 Qc7 12. Nbd2 Bd7 13. Nf1 Nc4 14. Ne3 Nxe3 15.
Bxe3 Rfe8 16. d5 c4 17. Nh2 a5 18. f4 b4 19. f5 Reb8 20. g4 Ne8 21. g5 Bf8 22.
Ng4 a4 23. Qf3 a3 24. bxa3 b3 25. axb3 cxb3 26. Bd3 Qxc3 27. Qe2 b2 28. Ra2 Qb3
29. Bb1 Rxa3 30. Rxa3 Qxa3 31. Qf2 Bb5 32. Kh2 g6 33. fxg6 hxg6 34. Nf6+ Nxf6
35. gxf6 Bd3 36. Rg1 Bxb1 37. Rxb1 Qd3 38. Rg1 Qxe4 0-1